[Event "SWE-ch U20"]
[Site "Helsingborg"]
[Date "2023.07.09"]
[Round "9"]
[White "Seo, Jung Hyun"]
[Black "Wernberg, Hugo"]
[Result "1-0"]
[WhiteElo "2124"]
[BlackElo "2217"]
[PlyCount "73"]
[EventDate "2023.07.01"]
[EventType "tourn"]
[EventRounds "9"]
[EventCountry "SWE"]
[SourceTitle "CBM 215 Extra"]
[Source "ChessBase"]
[SourceDate "2023.09.30"]
[SourceVersion "1"]
[SourceVersionDate "2023.09.30"]
[SourceQuality "1"]

1. e4 e5 2. Nf3 Nc6 3. d4 exd4 4. Nxd4 Nf6 5. Nxc6 bxc6 6. e5 Qe7 7. Qe2 Nd5 8. c4 Ba6 9. b3 g6 10. Ba3 Nb4 11. Bb2 Bg7 12. a3 Nd5 13. Nd2 0-0 14. 0-0-0 Rfe8 15. Re1 Nb6 16. f4 d6 17. h4 dxe5 18. fxe5 Nd7 19. Nf3 c5 20. Qc2 Bb7 21. Kb1 Qf8 22. Bd3 Bxf3 23. gxf3 Bxe5 24. Be4 Rad8 25. Bc1 Bh8 26. h5 Qg7 27. Qa2 Nb6 28. hxg6 fxg6 29. Re2 Re7 30. Bg5 Na4 31. bxa4 Rxe4 32. fxe4 Rb8+ 33. Kc1 Qc3+ 34. Rc2 Qg3 35. Bh6 Qf3 36. Rd1 Rb3 37. Rd8+ 1-0

[Event "SWE-ch U20"]
[Site "Helsingborg"]
[Date "2023.07.07"]
[Round "7"]
[White "Seo, Jung Hyun"]
[Black "Strom Engdahl, Alexander"]
[Result "1/2-1/2"]
[WhiteElo "2124"]
[BlackElo "2120"]
[PlyCount "43"]
[EventDate "2023.07.01"]
[EventType "tourn"]
[EventRounds "9"]
[EventCountry "SWE"]
[SourceTitle "CBM 215 Extra"]
[Source "ChessBase"]
[SourceDate "2023.09.30"]
[SourceVersion "1"]
[SourceVersionDate "2023.09.30"]
[SourceQuality "1"]

1. d4 Nf6 2. c4 e6 3. Nf3 d5 4. g3 dxc4 5. Bg2 c5 6. 0-0 Nc6 7. dxc5 Qxd1 8. Rxd1 Bxc5 9. Nbd2 c3 10. bxc3 0-0 11. Nb3 Be7 12. Nfd4 Bd7 13. Bg5 Rfd8 14. Rab1 Rac8 15. Nb5 Be8 16. Rxd8 Rxd8 17. N3d4 Nxd4 18. cxd4 Bxb5 19. Rxb5 b6 20. e3 Kf8 21. a4 Ne8 22. Bxe7+ 1/2-1/2

[Event "SWE-ch U20"]
[Site "Helsingborg"]
[Date "2023.07.06"]
[Round "6"]
[White "Dingertz, Erik"]
[Black "Seo, Jung Hyun"]
[Result "0-1"]
[WhiteElo "2090"]
[BlackElo "2124"]
[PlyCount "92"]
[EventDate "2023.07.01"]
[EventType "tourn"]
[EventRounds "9"]
[EventCountry "SWE"]
[SourceTitle "CBM 215 Extra"]
[Source "ChessBase"]
[SourceDate "2023.09.30"]
[SourceVersion "1"]
[SourceVersionDate "2023.09.30"]
[SourceQuality "1"]

1. c4 e6 2. g3 d5 3. Bg2 Nf6 4. d4 c6 5. Nf3 Nbd7 6. Nbd2 Be7 7. 0-0 a5 8. Qc2 b5 9. c5 e5 10. Nxe5 Nxe5 11. dxe5 Nd7 12. e4 d4 13. e6 fxe6 14. e5 Ra6 15. Ne4 Nxe5 16. Bf4 Nf7 17. Rae1 0-0 18. Nd2 d3 19. Qb3 Bxc5 20. Be4 a4 21. Qc3 Qd4 22. Qc1 Bb4 23. a3 Ba5 24. Nf3 Qf6 25. Bxd3 Bxe1 26. Qxe1 e5 27. Nxe5 Bf5 28. Nxf7 Bxd3 29. Ne5 Bxf1 30. Nd7 Qf7 31. Nxf8 Bc4 32. Bd6 Ra8 33. Qe4 Rxf8 34. Bxf8 Qxf8 35. Qxc6 Qd8 36. h4 Qd1+ 37. Kh2 Qd8 38. h5 Qf8 39. Kg1 h6 40. g4 Qe7 41. Kg2 Qe5 42. Kg1 Qe1+ 43. Kg2 Qf1+ 44. Kg3 Qg1+ 45. Kf4 Qxf2+ 46. Ke5 Qe3+ 0-1

[Event "SWE-ch U20"]
[Site "Helsingborg"]
[Date "2023.07.03"]
[Round "3"]
[White "Seo, Jung Hyun"]
[Black "Joensson, Oscar"]
[Result "1-0"]
[WhiteElo "2124"]
[BlackElo "2077"]
[PlyCount "107"]
[EventDate "2023.07.01"]
[EventType "tourn"]
[EventRounds "9"]
[EventCountry "SWE"]
[SourceTitle "CBM 215 Extra"]
[Source "ChessBase"]
[SourceDate "2023.09.30"]
[SourceVersion "1"]
[SourceVersionDate "2023.09.30"]
[SourceQuality "1"]

1. e4 c6 2. d4 d5 3. e5 c5 4. dxc5 e6 5. a3 Bxc5 6. b4 Be7 7. Nf3 a5 8. b5 Nd7 9. Be2 Qc7 10. Bb2 Nh6 11. 0-0 0-0 12. Re1 f6 13. c4 fxe5 14. cxd5 e4 15. Nd4 Nc5 16. Nc3 Qf4 17. Rf1 e5 18. Ne6 Nxe6 19. dxe6 Bxe6 20. Nd5 Qf7 21. Nxe7+ Qxe7 22. Qa4 e3 23. fxe3 Qg5 24. Qe4 Nf5 25. Bg4 Rae8 26. Rae1 Bc8 27. Bxe5 Rxe5 28. Qxe5 Qxg4 29. e4 Nh6 30. Rxf8+ Kxf8 31. Rf1+ Nf7 32. Qc7 Qd7 33. Qc5+ Ke8 34. Rc1 Nd6 35. e5 Nxb5 36. Qxc8+ Qxc8 37. Rxc8+ Kd7 38. Rc5 Nxa3 39. Rxa5 Nc4 40. Rc5 Ne3 41. Rb5 Kc6 42. e6 Nc4 43. Rb4 Nd6 44. Rd4 Nf5 45. Rd3 b5 46. Kf2 b4 47. Kf3 b3 48. Kf4 b2 49. Rb3 Nd4 50. Rxb2 Nxe6+ 51. Ke5 Kd7 52. Rb7+ Nc7 53. g4 Kc6 54. Rxc7+ 1-0

[Event "SWE-ch U20"]
[Site "Uppsala"]
[Date "2022.07.09"]
[Round "8"]
[White "Torngren, Gustav"]
[Black "Seo, Jung Hyun"]
[Result "1/2-1/2"]
[WhiteElo "2273"]
[BlackElo "2102"]
[PlyCount "54"]
[EventDate "2022.07.02"]
[EventType "tourn"]
[EventRounds "9"]
[EventCountry "SWE"]
[SourceTitle "CBM 209 Extra"]
[Source "ChessBase"]
[SourceDate "2022.09.30"]
[SourceVersion "1"]
[SourceVersionDate "2022.09.30"]
[SourceQuality "1"]

1. c4 e6 2. Nf3 d5 3. d4 Nf6 4. Bg5 Be7 5. e3 Nbd7 6. Nbd2 h6 7. Bf4 c5 8. dxc5 Nxc5 9. Be2 b6 10. 0-0 0-0 11. Rc1 a5 12. Nd4 Ba6 13. Nc6 Qe8 14. Nxe7+ Qxe7 15. cxd5 Nxd5 16. Bg3 Nb4 17. Bxa6 Rxa6 18. Qe2 Rd8 19. Nb3 Nxb3 20. axb3 Ra7 21. Qb5 Rd5 22. Rc8+ Kh7 23. Qc4 Rc5 24. Rxc5 Qxc5 25. Qxc5 bxc5 26. Rc1 Rd7 27. Kf1 Rd3 1/2-1/2

[Event "SWE-ch U20"]
[Site "Uppsala"]
[Date "2022.07.08"]
[Round "7"]
[White "Seo, Jung Hyun"]
[Black "Grahn, Vidar"]
[Result "0-1"]
[WhiteElo "2102"]
[BlackElo "2003"]
[PlyCount "124"]
[EventDate "2022.07.02"]
[EventType "tourn"]
[EventRounds "9"]
[EventCountry "SWE"]
[SourceTitle "CBM 209 Extra"]
[Source "ChessBase"]
[SourceDate "2022.09.30"]
[SourceVersion "1"]
[SourceVersionDate "2022.09.30"]
[SourceQuality "1"]

1. e4 c5 2. Nf3 Nc6 3. d4 cxd4 4. Nxd4 g6 5. c4 Nf6 6. Nc3 d6 7. f3 Nxd4 8. Qxd4 Bg7 9. Be3 0-0 10. Qd2 Be6 11. Rc1 Qa5 12. Bd3 Rfc8 13. b3 Nd7 14. Nd5 Qxd2+ 15. Kxd2 Bxd5 16. cxd5 Nc5 17. Be2 a5 18. Rc2 Rc7 19. Rhc1 Rac8 20. Kd1 Kf8 21. a3 f5 22. b4 axb4 23. axb4 Na6 24. Rxc7 Rxc7 25. Rxc7 Nxc7 26. b5 Bc3 27. Kc2 Ba5 28. Kb3 fxe4 29. Ka4 exf3 30. Bxf3 b6 31. h3 Kf7 32. Be4 e6 33. dxe6+ Kxe6 34. Bc6 Nd5 35. Bd4 Ne7 36. Bf3 Nf5 37. Bf2 d5 38. g4 Nd6 39. Bd4 Ne4 40. Bg2 Nd2 41. Ka3 Nc4+ 42. Kb3 Be1 43. Kc2 Bg3 44. Bf1 Bc7 45. Bxc4 dxc4 46. Kc3 Kd5 47. g5 Bd8 48. Bf6 Bxf6+ 49. gxf6 Ke6 50. Kxc4 g5 51. f7 Kxf7 52. Kd5 h5 53. Kc6 g4 54. hxg4 hxg4 55. Kxb6 g3 56. Kc7 g2 57. b6 g1Q 58. b7 Qc5+ 59. Kd8 Qb6+ 60. Kc8 Qc6+ 61. Kd8 Ke6 62. b8N Qb7 0-1

[Event "SWE-ch U20"]
[Site "Uppsala"]
[Date "2022.07.07"]
[Round "6"]
[White "Soderstrom, Adrian"]
[Black "Seo, Jung Hyun"]
[Result "1/2-1/2"]
[WhiteElo "2292"]
[BlackElo "2102"]
[PlyCount "33"]
[EventDate "2022.07.02"]
[EventType "tourn"]
[EventRounds "9"]
[EventCountry "SWE"]
[SourceTitle "CBM 209 Extra"]
[Source "ChessBase"]
[SourceDate "2022.09.30"]
[SourceVersion "1"]
[SourceVersionDate "2022.09.30"]
[SourceQuality "1"]

1. d4 d5 2. c4 e6 3. Nc3 Nf6 4. Nf3 c6 5. g3 dxc4 6. Bg2 b5 7. Ne5 Qb6 8. 0-0 Bb7 9. b3 cxb3 10. axb3 Nbd7 11. Be3 Rd8 12. Nd3 c5 13. dxc5 Bxc5 14. Nxc5 Nxc5 15. Qc2 Bxg2 16. Kxg2 0-0 17. b4 1/2-1/2

[Event "SWE-ch U20"]
[Site "Uppsala"]
[Date "2022.07.04"]
[Round "3"]
[White "Seo, Jung Hyun"]
[Black "Rasti, Arvin"]
[Result "1/2-1/2"]
[WhiteElo "2102"]
[BlackElo "2136"]
[PlyCount "78"]
[EventDate "2022.07.02"]
[EventType "tourn"]
[EventRounds "9"]
[EventCountry "SWE"]
[SourceTitle "CBM 209 Extra"]
[Source "ChessBase"]
[SourceDate "2022.09.30"]
[SourceVersion "1"]
[SourceVersionDate "2022.09.30"]
[SourceQuality "1"]

1. e4 c6 2. d4 d5 3. e5 c5 4. dxc5 e6 5. a3 Bxc5 6. b4 Be7 7. Nf3 Nd7 8. Bd3 a5 9. b5 Nc5 10. 0-0 Nxd3 11. cxd3 Bd7 12. a4 Rc8 13. Bd2 Bc5 14. d4 Bb6 15. Nc3 Ne7 16. Rc1 Rc4 17. Bg5 h6 18. Be3 Qc7 19. Qb3 Qb8 20. Na2 Qc8 21. Rxc4 dxc4 22. Qc2 Nd5 23. Rc1 Bd8 24. Qxc4 Qxc4 25. Rxc4 Nb6 26. Nd2 0-0 27. Nc3 Nxc4 28. Nxc4 Bc7 29. Ne4 b6 30. Ned6 Rb8 31. Kf1 Bc8 32. Ke2 Bb7 33. Nxb7 Rxb7 34. Kd3 Rb8 35. Bc1 Kf8 36. g4 Ke7 37. h3 f6 38. Ba3+ Kf7 39. f4 fxe5 1/2-1/2

[Event "SWE-ch U20"]
[Site "Uppsala"]
[Date "2022.07.02"]
[Round "1"]
[White "Nord, Alexander"]
[Black "Seo, Jung Hyun"]
[Result "1-0"]
[WhiteElo "2200"]
[BlackElo "2102"]
[PlyCount "120"]
[EventDate "2022.07.02"]
[EventType "tourn"]
[EventRounds "9"]
[EventCountry "SWE"]
[SourceTitle "CBM 209 Extra"]
[Source "ChessBase"]
[SourceDate "2022.09.30"]
[SourceVersion "1"]
[SourceVersionDate "2022.09.30"]
[SourceQuality "1"]

1. e4 e6 2. d3 d5 3. Nd2 Nf6 4. g3 Be7 5. Bg2 c5 6. Ngf3 Nc6 7. 0-0 Qc7 8. Re1 0-0 9. e5 Nd7 10. Qe2 b5 11. Nf1 a5 12. Bf4 Ba6 13. h4 c4 14. d4 c3 15. b3 a4 16. N1h2 b4 17. Qe3 Qb6 18. h5 axb3 19. axb3 Rfe8 20. Ng4 Bb5 21. Bg5 Rxa1 22. Rxa1 f6 23. exf6 Bxf6 24. Bxf6 Nxf6 25. Nxf6+ gxf6 26. Qf4 Be2 27. h6 Bxf3 28. Bxf3 Qb7 29. Qxf6 Qe7 30. Qxe7 Rxe7 31. Bh5 Ra7 32. Rxa7 Nxa7 33. Be8 Kf8 34. Ba4 Ke7 35. f3 Nc8 36. Bb5 Nd6 37. Bd3 Nf5 38. Bxf5 exf5 39. g4 Kf6 40. Kg2 Kg5 41. Kg3 Kxh6 42. Kf4 fxg4 43. fxg4 Kg6 44. Ke5 Kg5 45. Kxd5 Kxg4 46. Ke5 h5 47. d5 h4 48. d6 h3 49. d7 h2 50. d8Q h1Q 51. Qg8+ Kh3 52. Qh8+ Kg2 53. Qxh1+ Kxh1 54. Kd4 Kg2 55. Kc4 Kf2 56. Kxb4 Ke3 57. Kxc3 Ke4 58. Kc4 Ke5 59. Kc5 Ke6 60. Kc6 Ke7 1-0

[Event "Norrkoeping Easter op"]
[Site "Norrkoeping"]
[Date "2022.04.16"]
[Round "5"]
[White "Soham, Das1111"]
[Black "Seo, Jung Hyun"]
[Result "1-0"]
[WhiteElo "2303"]
[BlackElo "2156"]
[PlyCount "105"]
[EventDate "2022.04.15"]
[EventType "swiss"]
[EventRounds "8"]
[EventCountry "SWE"]
[SourceTitle "CBM 207 Extra"]
[Source "ChessBase"]
[SourceDate "2022.05.31"]
[SourceVersion "1"]
[SourceVersionDate "2022.05.31"]
[SourceQuality "1"]

1. e4 c6 2. Ne2 d5 3. e5 c5 4. d4 Nc6 5. c3 Bg4 6. h3 Bxe2 7. Bxe2 cxd4 8. cxd4 Qb6 9. Be3 Qxb2 10. Nd2 Qb6 11. Rb1 Qc7 12. Qb3 e6 13. 0-0 Bb4 14. Nf3 Nge7 15. Rfc1 Ba5 16. Qxb7 Rb8 17. Qxc7 Bxc7 18. Rxb8+ Bxb8 19. Bb5 Kd7 20. Bg5 a6 21. Ba4 f6 22. exf6 gxf6 23. Bxf6 Bf4 24. Rxc6 Rb8 25. Rb6+ Kd8 26. Rxb8+ Bxb8 27. Ng5 a5 28. Nxe6+ Kc8 29. Bxe7 h5 30. Nc5 Bf4 31. Bd7+ Kb8 32. Ne6 Bd2 33. Bd6+ Kb7 34. Bc7 h4 35. Bd8 a4 36. Nc5+ Ka7 37. Kf1 a3 38. Ke2 Bf4 39. Nd3 Bd6 40. f4 Kb7 41. f5 Bf8 42. f6 Bh6 43. Ne5 Bg5 44. Kd3 Bh6 45. Kc3 Bf8 46. Kb3 Bd6 47. Ka4 Ka6 48. Bc8+ Ka7 49. Nc6+ Ka8 50. Kb5 Be7 51. Ka6 Bd6 52. Bc7 Be7 53. Bb7# 1-0

[Event "Uppsala Young Champions 8th"]
[Site "Uppsala"]
[Date "2021.11.03"]
[Round "9"]
[White "Frank, Adam"]
[Black "Seo, Jung Hyun"]
[Result "1/2-1/2"]
[WhiteElo "2366"]
[BlackElo "1961"]
[PlyCount "74"]
[EventDate "2021.10.29"]
[EventType "swiss"]
[EventRounds "9"]
[EventCountry "SWE"]
[SourceTitle "CBM 205 Extra"]
[Source "ChessBase"]
[SourceDate "2022.01.31"]
[SourceVersion "1"]
[SourceVersionDate "2022.01.31"]
[SourceQuality "1"]

1. Nf3 Nf6 2. g3 d5 3. Bg2 c6 4. 0-0 Bf5 5. d3 Nbd7 6. Nbd2 Qc7 7. Re1 Bg6 8. e4 dxe4 9. Nxe4 Nxe4 10. dxe4 e5 11. Nh4 Bc5 12. Qe2 Nf6 13. Nxg6 hxg6 14. c3 Qc8 15. b4 Bb6 16. h4 Qg4 17. a4 a5 18. bxa5 Qxe2 19. Rxe2 Bxa5 20. Ba3 Bxc3 21. Rb1 Rxa4 22. Rxb7 Rxa3 23. Rb8+ Ke7 24. Rxh8 Bd4 25. Rc2 c5 26. Rb8 Ng4 27. Rb7+ Kf8 28. Kf1 Bxf2 29. Rcb2 Bd4 30. Rb8+ Ke7 31. R2b7+ Kd6 32. Rb6+ Ke7 33. R8b7+ Kf8 34. Rc6 Kg8 35. Rc8+ Kh7 36. Rxf7 c4 37. Rff8 Ra1+ 1/2-1/2

[Event "Uppsala Young Champions 8th"]
[Site "Uppsala"]
[Date "2021.10.31"]
[Round "4"]
[White "Nord, Alexander"]
[Black "Seo, Jung Hyun"]
[Result "1/2-1/2"]
[WhiteElo "2169"]
[BlackElo "1961"]
[PlyCount "95"]
[EventDate "2021.10.29"]
[EventType "swiss"]
[EventRounds "9"]
[EventCountry "SWE"]
[SourceTitle "CBM 205 Extra"]
[Source "ChessBase"]
[SourceDate "2022.01.31"]
[SourceVersion "1"]
[SourceVersionDate "2022.01.31"]
[SourceQuality "1"]

1. d4 d5 2. Nf3 Nf6 3. g3 e6 4. Bg2 b5 5. 0-0 Be7 6. a4 b4 7. c4 c6 8. Ne5 0-0 9. Nd2 a5 10. b3 Bb7 11. Bb2 Nbd7 12. Rc1 Rc8 13. Re1 c5 14. cxd5 Nxd5 15. Ndc4 Nxe5 16. dxe5 Ba6 17. Qc2 Qc7 18. Red1 Bxc4 19. Qxc4 Nb6 20. Qb5 Qa7 21. Be4 Rc7 22. Qd3 h6 23. Qe3 Rd7 24. Rxd7 Qxd7 25. Bd3 Qb7 26. h4 Rd8 27. Be4 Qd7 28. Bd3 h5 29. Qe4 g6 30. Kh2 Qd5 31. Qxd5 exd5 32. Kg2 Rc8 33. Ba6 Rc7 34. e4 c4 35. exd5 c3 36. d6 cxb2 37. Rb1 Bxd6 38. exd6 Rc2 39. Bb5 Rd2 40. d7 Nxd7 41. Bxd7 Rxd7 42. Rxb2 Rd3 43. Rc2 Rc3 44. Rd2 Rxb3 45. Rd5 Ra3 46. Rxa5 b3 47. Rb5 Rxa4 48. Rxb3 1/2-1/2

[Event "Uppsala Young Champions 7th"]
[Site "Uppsala"]
[Date "2020.10.27"]
[Round "7"]
[White "Nilssen, Ellen Fredericia"]
[Black "Seo, Jung Hyun"]
[Result "1-0"]
[WhiteElo "2209"]
[BlackElo "1936"]
[PlyCount "65"]
[EventDate "2020.10.23"]
[EventType "swiss"]
[EventRounds "9"]
[EventCountry "SWE"]
[SourceTitle "CBM 199 Extra"]
[Source "ChessBase"]
[SourceDate "2021.01.31"]
[SourceVersion "1"]
[SourceVersionDate "2021.01.31"]
[SourceQuality "1"]

1. d4 d5 2. c4 e6 3. Nc3 Nf6 4. Bg5 Be7 5. e3 Nbd7 6. Nf3 h6 7. Bh4 0-0 8. Bd3 c5 9. 0-0 b6 10. Qe2 Bb7 11. cxd5 Nxd5 12. Bg3 cxd4 13. Nxd5 Bxd5 14. Nxd4 Nc5 15. Bb5 Qc8 16. b4 Ne4 17. Rac1 Nxg3 18. hxg3 Qb7 19. Ba6 Qb8 20. Nb5 Bxb4 21. Nc7 Bc5 22. Nxa8 Qxa8 23. f3 Qb8 24. f4 e5 25. Bc4 Bc6 26. Rcd1 exf4 27. Rxf4 g5 28. Rf6 Ba4 29. Qh5 Bxe3+ 30. Kh1 g4 31. Bxf7+ Kg7 32. Rg6+ Kxf7 33. Qf5+ 1-0

[Event "Uppsala Young Champions 7th"]
[Site "Uppsala"]
[Date "2020.10.25"]
[Round "4"]
[White "Ruzic, Pia Marie"]
[Black "Seo, Jung Hyun"]
[Result "0-1"]
[WhiteElo "1929"]
[BlackElo "1936"]
[PlyCount "44"]
[EventDate "2020.10.23"]
[EventType "swiss"]
[EventRounds "9"]
[EventCountry "SWE"]
[SourceTitle "CBM 199 Extra"]
[Source "ChessBase"]
[SourceDate "2021.01.31"]
[SourceVersion "1"]
[SourceVersionDate "2021.01.31"]
[SourceQuality "1"]

1. c4 e6 2. Nf3 Nf6 3. g3 d5 4. Bg2 dxc4 5. Qa4+ Bd7 6. Qxc4 c5 7. Ne5 Nc6 8. Nxc6 Bxc6 9. Bxc6+ bxc6 10. 0-0 Be7 11. d3 h5 12. Bg5 Rb8 13. b3 Rb4 14. Qc1 h4 15. Nd2 hxg3 16. hxg3 Qd5 17. Nf3 Qf5 18. a3 Qh3 19. Bh4 Rg4 20. Qe3 Nd5 21. Qe5 Bxh4 22. Nxh4 Rhxh4 0-1

[Event "Kragero op-B"]
[Site "Kragero"]
[Date "2020.02.22"]
[Round "8"]
[White "Seo, Jung Hyun"]
[Black "Rynning, Rune Kleiven"]
[Result "1-0"]
[WhiteElo "1816"]
[BlackElo "1625"]
[PlyCount "51"]
[EventDate "2020.02.19"]
[EventType "swiss"]
[EventRounds "9"]
[EventCountry "NOR"]
[SourceTitle "CBM 195 Extra"]
[Source "ChessBase"]
[SourceDate "2020.05.31"]
[SourceVersion "1"]
[SourceVersionDate "2020.05.31"]
[SourceQuality "1"]

1. e4 c5 2. Nf3 d6 3. d4 cxd4 4. Nxd4 Nf6 5. Nc3 a6 6. f3 Qb6 7. Nb3 Nc6 8. Qe2 Qc7 9. Be3 b5 10. Qd2 Ne5 11. 0-0-0 Nc4 12. Bxc4 Qxc4 13. e5 b4 14. Na4 Nd7 15. exd6 exd6 16. Rhe1 f6 17. Bc5+ Kf7 18. Bxd6 Bxd6 19. Qxd6 Ne5 20. Rd4 Qc6 21. Qxc6 Nxc6 22. Rc4 Ne5 23. Rxb4 Bd7 24. Nac5 Rac8 25. Rb7 Rhd8 26. f4 1-0

[Event "Kragero op-B"]
[Site "Kragero"]
[Date "2020.02.21"]
[Round "6"]
[White "Seo, Jung Hyun"]
[Black "Bernstein, Jonas August"]
[Result "1/2-1/2"]
[WhiteElo "1816"]
[BlackElo "1798"]
[PlyCount "83"]
[EventDate "2020.02.19"]
[EventType "swiss"]
[EventRounds "9"]
[EventCountry "NOR"]
[SourceTitle "CBM 195 Extra"]
[Source "ChessBase"]
[SourceDate "2020.05.31"]
[SourceVersion "1"]
[SourceVersionDate "2020.05.31"]
[SourceQuality "1"]

1. e4 e6 2. d4 d5 3. Nd2 dxe4 4. Nxe4 Nd7 5. Nf3 Ngf6 6. Nxf6+ Nxf6 7. g3 Be7 8. Bg2 c5 9. 0-0 0-0 10. c3 Qb6 11. Qb3 Qa6 12. Bf4 Nd5 13. Bd2 Bd7 14. c4 Ba4 15. Qd3 Nf6 16. b3 Bc6 17. Rfe1 Rfd8 18. d5 Bxd5 19. Qc2 Bc6 20. Bc3 h6 21. h3 b5 22. Re3 bxc4 23. bxc4 Rab8 24. Rae1 Qxc4 25. g4 Nd5 26. Ne5 Nxe3 27. fxe3 Qa4 28. Qf2 Be8 29. Bc6 Bh4 30. Qf3 Qc2 31. Bxe8 Qf2+ 32. Qxf2 Bxf2+ 33. Kxf2 Rxe8 34. Rd1 Red8 35. Rf1 Rb7 36. Ke2 f6 37. Nd3 c4 38. Nb2 Rc8 39. Rf4 e5 40. Re4 a5 41. Nxc4 Rbc7 42. Kd3 1/2-1/2

[Event "Lund CellaVision Cup"]
[Site "Lund"]
[Date "2018.08.04"]
[Round "5"]
[White "Johansson, William"]
[Black "Seo, Jung Hyun"]
[Result "1-0"]
[WhiteElo "1448"]
[BlackElo "1288"]
[PlyCount "101"]
[EventDate "2018.08.03"]
[EventType "swiss"]
[EventRounds "8"]
[EventCountry "SWE"]
[SourceTitle "CBM 186 Extra"]
[Source "ChessBase"]
[SourceDate "2018.08.24"]
[SourceVersion "1"]
[SourceVersionDate "2018.08.24"]
[SourceQuality "1"]

1. d4 d5 2. Bf4 Nf6 3. e3 Bf5 4. c4 e6 5. Nc3 c6 6. Nf3 Nbd7 7. c5 b6 8. b4 a5 9. a3 Ra7 10. Ne5 Nxe5 11. Bxe5 Nd7 12. Qa4 Qa8 13. b5 Nxe5 14. cxb6 Rb7 15. dxe5 Rxb6 16. bxc6 Be7 17. c7+ Rc6 18. Bb5 Kd7 19. Bxc6+ Qxc6 20. Qxc6+ Kxc6 21. 0-0 Kxc7 22. Nb5+ Kd7 23. Rfc1 Rb8 24. Nd4 Bd3 25. Nc6 Rb7 26. Nxa5 Ra7 27. Nc6 Rxa3 28. Rxa3 Bxa3 29. Nb8+ Kd8 30. Rc3 Bd6 31. exd6 Bc4 32. Nc6+ Kd7 33. Ne5+ Kxd6 34. Nxc4+ dxc4 35. Rxc4 Ke5 36. g4 h6 37. f4+ Kf6 38. Rc7 g5 39. f5 exf5 40. gxf5 Kxf5 41. Rxf7+ Ke4 42. Kf2 h5 43. Rh7 h4 44. Rh5 Kf5 45. e4+ Kxe4 46. Rxg5 Kf4 47. Rh5 Kg4 48. Rh8 Kh3 49. Kf3 Kxh2 50. Rxh4+ Kg1 51. Rh3 1-0